La modernización sin Estado: reflexiones en torno al desarrollo, la pobreza y la exclusión social en América Latina
Bewaard in:
| Hoofdauteur: | |
|---|---|
| Formaat: | Texto |
| Gepubliceerd in: |
San José:
FACSO
|
| Tags: |
Voeg label toe
Geen labels, Wees de eerste die dit record labelt!
|
MARC
| LEADER | 00000 a a2200000 04500 | ||
|---|---|---|---|
| 001 | 38454 | ||
| 003 | |||
| 040 | |||
| 020 | |a 978-9977-68--163-4 | ||
| 090 | |a 0004 S683m | ||
| 100 | |a Sojo, Carlos | ||
| 245 | |a La modernización sin Estado: reflexiones en torno al desarrollo, la pobreza y la exclusión social en América Latina | ||
| 260 | |a San José: |b FACSO | ||
| 300 | |a 252 p. | ||
| 999 | |c 7419 |d 7419 | ||



